Névtelenek, krónikák Árpád-kori történeti irodalmunk újabb stílusproblémái [könyvismertetés] /

Elmentve itt :
Bibliográfiai részletek
Szerző: Veszprémy László
További közreműködők: Kristó Gyula
Dokumentumtípus: Cikk
Megjelent: Budapesti Könyvszemle Alapítvány Budapest 1995
Sorozat:Budapesti Könyvszemle - BUKSZ 7 No. 2
Kulcsszavak:Magyarország története - középkor - könyvismertetés, Történetírás
Online Access:http://misc.bibl.u-szeged.hu/48179
LEADER 00843nab a2200205 i 4500
001 misc48179
005 20211025161036.0
008 200421s1995 hu o 0|| hun d
022 |a 0865-4247 
040 |a SZTE Miscellanea Repozitórium  |b hun 
041 |a hun 
100 1 |a Veszprémy László 
245 1 0 |a Névtelenek, krónikák   |h [elektronikus dokumentum] :  |b Árpád-kori történeti irodalmunk újabb stílusproblémái [könyvismertetés] /  |c  Veszprémy László 
260 |a Budapesti Könyvszemle Alapítvány  |b Budapest  |c 1995 
300 |a 172-176 
490 0 |a Budapesti Könyvszemle - BUKSZ  |v 7 No. 2 
561 |a Kristó Gyula újságkivágatok 
695 |a Magyarország története - középkor - könyvismertetés, Történetírás 
700 0 1 |a Kristó Gyula 
856 4 0 |u http://misc.bibl.u-szeged.hu/48179/1/047.pdf  |z Dokumentum-elérés